00938nam a22001937a 4500003000900000008004100009040007100050082002500121100002600146245009000172260002600262300002600288505026500314650002600579650003900605650002600644650002200670710005200692AR-CdUCM190307b ||||| |||| 00| 0 spa d aMUNICIPALIDAD PROVINCIAL DEL CUSCOcBIBLIOTECA MUNICIPAL DEL CUSCO 23ed.a985.093 /bP34 aPease García, Henry aEL ocaso del poder oligárquico :blucha política en la escena oficial 1968-1975 / aLima :bDESCO,c1980. a313 paginas ;c20 cm. aLa revolución del 68 en el proceso político peruano -- 1968-1970 criollización o radicalización -- La burguesía liberal frente al velasquismo (1970-74) -- La misión, los militares progresistas (1974-75) -- Notas sobre el estado a partir de 1968 ... aAspectos políticos  aGobierno Revolucionario, 1968-1980 aPolítica y gobierno aPolítica-Perú aCentro de Estudios y Promoción del Desarrollo